000 005290000a22001690004500
003 LK-CoMWRAF
008 230817t ||||| |||| 00| 0 eng d
040 _aLK-CoMWRAF
_dLK-CoMWRAF
_eLK-CoMWRAF
041 _aeng
082 _a370
_bFRO
245 _aFrom Vienna to Beijing: the Cairo Hearing on reproductive health and human rights
_bPart of the NGOforum series on Human Rights Dimensions of reproductive
260 _aUSA
_bRUTGERS
_c1995
300 _ap.36
650 _aReproductive Health
650 _aWomen
942 _cBK
999 _c3156
_d3156